01338nam a2200289 a 4500001001000000005001700010008004100027041000800068044000700076084001900083100004500102245009500147260003600242300002200278500002700300500025100327500006900578500004300647500001100690650005200701650005600753650003400809650004500843700005000888700006000938740005000998BRCA_247220190320203827.0201108s1833----mx-a---###---#000-0#spa-u aspa amx a112b.A74 18331 aCervantes Saavedra, Miguel ded1547-161610aEl Ingenioso Hidalgo Don Quijote de la Manchaccompuesto por Miguel de Cervantes Saavedra. aMexicobMariano Arévaloc1833 a5 v.bil.c16 cm. aContenido : v 4. Texto aEdición : Primera edición mejicana conforme a la de la Real Academia Española, hecha en Madrid en 1782. Además del análisis de dicha Academia, se han añadido las notas críticas y curiosas del señor Pellicer, con hermosas láminas aEjemplar por completo igual a la anterior (111) Lúdovik Osterc aExistencias : Solo existe el volumen 4 aQMB10814aNovela españolayÉpoca clásica, 1500-170014aLiteratura españolayÉpoca clásica, 1500-170014aNovela españolaySiglo XVII14aDon Quijote (Personaje ficticio)eNovela1 aRíos, Vicente de losd1732-1779eBiógrafo1 aPellicer y Pilares, Juan Antoniod1738-1806eBiógrafo0 aEl Ingenioso Hidalgo Don Quijote de la Mancha